Culture Générale - Série 1674 - Statistiques

Statistiques générales
  • Ce quiz a été pris 91 fois
  • Le résultat moyen est 6 sur 10
Statistiques - réponses
Question Réponse % Correct
Selon le proverbe, il ne faut pas se fier à l'apparence tranquille des gens, car : "Il n'est pire eau que l'eau qui ... dort
92%
Quelle est la capitale de l'Australie ? Canberra
83%
Quelle est la capitale de Chypre ? Nicosie
77%
Quelle est la capitale de l'Albanie ? Tirana
77%
En France, en quelle année les femmes ont-elles obtenu le droit de vote ? 1944
73%
Quel est le prénom du coureur cycliste Schleck, second du Tour de France 2010 derrière Alberto Contador ? Andy
51%
Quel compositeur italien, né en 1858, est l'auteur de l'opéra : "La Bohème" ? Giacomo Puccini
42%
Comment appelle-t-on la doctrine ou attitude fondée sur la négation de toutes les valeurs, croyances ou réalités ? nihilisme
41%
En 1998,un nouveau pays accueille pour la première fois le grand départ d'un tour de France cycliste ? De quel pays s'agit-il ? Irlande
19%
Quel homme politique, commissaire au plan en 1945, met en oeuvre dès 1947 le premier plan de modernisation et d'équipement de la France ? Jean Monnet
5%
Aucun quiz correspondant
Distribution des résultats
% des personnes avec chaque résultat
Percentile par nombre de réponses
Votre historique - résultats
Vous n’avez pas pris ce quiz